Si te dicen que caí
Zapisane w:
| 1. autor: | |
|---|---|
| Format: | Książka |
| Język: | hiszpański |
| Wydane: |
Barcelona
Seix Barral
1976
|
| Seria: | Biblioteca Breve, 398
|
| Hasła przedmiotowe: | |
| Etykiety: |
Dodaj etykietę
Nie ma etykietki, Dołącz pierwszą etykiete!
|
MARC
| LEADER | 00000nam a2200000 a 4500 | ||
|---|---|---|---|
| 001 | UCQ2320 | ||
| 003 | CL-VaPUC | ||
| 008 | 980724e19760000SP |||||||||||||||||spa|d | ||
| 082 | 0 | 4 | |a 863 |b MAR |2 21 |
| 100 | |a Marsé, Juan |e autor |9 453927 | ||
| 245 | 1 | 0 | |a Si te dicen que caí |
| 300 | |a 360 p | ||
| 942 | |c BK | ||
| 945 | |d 19980724 00:00:00 |a lriquelm | ||
| 260 | |a Barcelona |b Seix Barral |c 1976 | ||
| 650 | 0 | |a Novelas españolas |9 265052 | |
| 650 | 0 | |a Literatura española |9 306261 | |
| 583 | |a last modification |c 19980724 00:00:00 |k Rodrigo Vera | ||
| 490 | 0 | |a Biblioteca Breve, 398 | |
| 999 | |c 273151 |d 273149 | ||
| 952 | |0 0 |1 0 |4 0 |6 863_000000000000000_MAR_1976 |7 0 |8 A |9 308502 |a BIBEDU |b BIBEDU |d 2019-11-20 |i 1446584 |o 863 MAR 1976 |p 1446584 |r 2019-11-20 |w 2019-11-20 |y BK |k LIT | ||
| 952 | |0 0 |1 0 |4 0 |6 863_000000000000000_MAR_1976 |7 0 |8 A |9 308503 |a FDOPOS |b FDOPOS |d 2019-11-20 |i 1478176 |o 863 MAR 1976 |p 1478176 |r 2025-01-22 |w 2019-11-20 |y BK |k MLH | ||